| 000 | 00535nam a2200181 i 4500 | ||
|---|---|---|---|
| 001 | C2-0282746 | ||
| 003 | PPAK | ||
| 005 | 20180728013027.0 | ||
| 008 | 071022s2003 my |||| ||||| | may d | ||
| 040 |
_aPPAK _beng _cPPAK _erda |
||
| 245 | 0 | 0 |
_aWadah : Andatila persuratan serantau _bSejarah perkembangan bahasa melayu di Sabah |
| 264 | 1 |
_aSabah : _bDewan Bahasa dan Pustaka , _c2003 |
|
| 300 |
_a68 pages ; _c30 cm |
||
| 336 |
_2rdacontent _atext |
||
| 337 |
_2rdamedia _aunmediated |
||
| 338 |
_2rdacarrier _avolume |
||
| 942 |
_ddc _cB |
||
| 999 |
_c88963 _d88963 |
||